| 000 | 00923nam a22002897a 4500 | ||
|---|---|---|---|
| 003 | CHAP | ||
| 005 | 20220329135441.0 | ||
| 008 | 971013s1956 r 00010 d | ||
| 010 | _a36691 | ||
| 011 | _a37663 | ||
| 035 | _a41783 | ||
| 040 | _cCHAP | ||
| 090 | _aFolleto 108 | ||
| 110 |
_aMéxico. Dirección General de Defensa Agrícola _976968 |
||
| 245 | _aPlagas y enfermedades del trigo | ||
| 260 |
_aMéxico, D.F. : _bSecretaría de Agricultura y Ganadería, _c1956 |
||
| 300 |
_a32 p. _b: ilus |
||
| 590 |
_aBATCH-UPD _b10 _c20130110 _lUCH01 _h1833 |
||
| 590 |
_aCONVERSION _b10 _c20130109 _lUCH01 _h1321 |
||
| 650 | 1 | 4 |
_aTrigo _xEnfermedades. _9115017 |
| 650 | 1 | 4 |
_aTrigo _xPlagas. _9115076 |
| 901 | _aBK | ||
| 942 | _cFOLL | ||
| 949 |
_aFolleto 108 _bBC _cFOLL _d-96147 _eTS1 _i41783 _si |
||
| 949 |
_aFolleto 108 _bBC _cFOLL _d-96148 _eTS2 _fc.2 _i41783 _si |
||
| 949 |
_aFolleto 108 _bBC _cFOLL _d417833 _eTS2 _fc.3 _i41783 _si |
||
| 999 |
_c36691 _d36691 |
||